000 01684nam a2200265Ia 4500
003 Ost
005 20260507075727.0
008 260507s9999||||xx |||||||||||||| ||und||
020 _ax868301977
040 _cfsecg
041 _aara
082 _a330
100 _aالسيسي، صلاح الدين حسن
_eمؤلف
245 0 _aالقطاع المصرفي والاقتصاد الوطني القطاع المصرفي وغسيل الاموال /
_c صلاح الدين حسن السيسي
260 _aالقاهرة:
_bالهيئة المصرية العامة للكتاب,
_c2003
300 _a208 صفحة؛
_c24 سم
490 _aسلسلة قضايا اقتصادية
504 _aبيبليوغرافيا : ص. 208
520 _aيتناول الكتاب موضوعين في غاية الأهمية، من الناحية الاقتصادية، ويتعلق الأول بالقطاع المصرفي والاقتصاد الوطني، ويشمل البنوك والتنمية الاقتصادية، والائتمان المصرفي للمشروعات، وطرق تمويل البنوك للمشروعات، والتوجه العالمي نحو المصارف الشاملة في ظل منظمة التجارة العالمية. ويتعلق الثاني بموضوع القطاع المصرفي وظاهرة غسيل الأموال، والاتجاهات الدولية نحو مكافحة غسيل الأموال، والآثار الاقتصادية المترتبة على هذه الظاهرة .
653 _aالاقتصاد
653 _aالبنوك
653 _aتبييض الاموال
653 _aجرائم الأموال
942 _cكتاب
999 _c45996
_d45996